ARRUPE JESUIT UNIVERSITY

CORONAVIRUS -STOP THE SPREAD - CLEAN,DISINFECT,COVER

I have learnt with wonder : (Record no. 128362)

MARC details
000 -LEADER
fixed length control field 01262cam a2200325 a 4500
001 - CONTROL NUMBER
control field 3522565
003 - CONTROL NUMBER IDENTIFIER
control field ARRUPE
005 - DATE AND TIME OF LATEST TRANSACTION
control field 20181012091838.0
008 - FIXED-LENGTH DATA ELEMENTS--GENERAL INFORMATION
fixed length control field 960229s1994 ke 000 0deng
010 ## - LIBRARY OF CONGRESS CONTROL NUMBER
LC control number 95982266
020 ## - INTERNATIONAL STANDARD BOOK NUMBER
International Standard Book Number 9966211055
040 ## - CATALOGING SOURCE
Original cataloging agency DLC
Transcribing agency DLC
Modifying agency DLC
042 ## - AUTHENTICATION CODE
Authentication code lcode
043 ## - GEOGRAPHIC AREA CODE
Geographic area code fb-----
050 00 - LIBRARY OF CONGRESS CALL NUMBER
Classification number BX1680.3
Item number .H3613 1994
082 00 - DEWEY DECIMAL CLASSIFICATION NUMBER
Classification number 282/.67
Edition number 21
300 ## - PHYSICAL DESCRIPTION
Dimensions 21 cm.
100 1# - MAIN ENTRY--PERSONAL NAME
Personal name Häring, Bernhard,
Dates associated with a name 1912-1998.
9 (RLIN) 42861
245 10 - TITLE STATEMENT
Title I have learnt with wonder :
Remainder of title my experiences with the church in Africa /
Statement of responsibility, etc Bernhard Häring.
260 ## - PUBLICATION, DISTRIBUTION, ETC. (IMPRINT)
Place of publication, distribution, etc Nairobi, Kenya :
Name of publisher, distributor, etc St. Paul Publications-Africa,
Date of publication, distribution, etc 1994.
300 ## - PHYSICAL DESCRIPTION
Extent 96 p. ;
500 ## - GENERAL NOTE
General note Original title: Ich habe mit offenen Augen gelernt : meine Erfahrung mit einer anderen Kirche.
600 10 - SUBJECT ADDED ENTRY--PERSONAL NAME
Personal name Häring, Bernhard,
Dates associated with a name 1912-1998
General subdivision Travel
Geographic subdivision Africa, Sub-Saharan.
9 (RLIN) 42862
610 20 - SUBJECT ADDED ENTRY--CORPORATE NAME
Corporate name or jurisdiction name as entry element Catholic Church
Geographic subdivision Africa, Sub-Saharan.
9 (RLIN) 42863
651 #0 - SUBJECT ADDED ENTRY--GEOGRAPHIC NAME
Geographic name Africa, Sub-Saharan
General subdivision Description and travel.
9 (RLIN) 5509
906 ## - LOCAL DATA ELEMENT F, LDF (RLIN)
a 7
b cbc
c origode
d 3
e ncip
f 19
g y-gencatlg
942 ## - ADDED ENTRY ELEMENTS (KOHA)
Source of classification or shelving scheme Library of Congress Classification
Koha item type Monograph ( Printed materials)
Holdings
Withdrawn status Lost status Source of classification or shelving scheme Damaged status Not for loan Collection code Home library Current library Shelving location Date acquired Total Checkouts Full call number Barcode Date last seen Price effective from Koha item type
    Library of Congress Classification     Main Collection ARRUPE LIBRARY ARRUPE LIBRARY Main Collection 12/10/2018   BX1680.3 .H3613 1994 46600002916 12/10/2018 12/10/2018 Monograph ( Printed materials)

 

Arrupe Library. PO Box MP320 Mt Pleasant, Harare, Zimbabwe
263 242 745411|librarian@aju.ac.zw